| 000 | 00812nam a22001937a 4500 | ||
|---|---|---|---|
| 999 |
_c59180 _d59180 |
||
| 003 | Ge_BSU | ||
| 005 | 20221202112119.0 | ||
| 008 | 221202s1957ge xxu||||| |||| 00| 0 geo d | ||
| 041 | _ageo | ||
| 080 | _a612.821.6 ლ-33 | ||
| 100 |
_aლაჭყეპიანი, ა., ავტორი. _916308 |
||
| 245 |
_aკანის რეფლექსების დინამიკის ზოგიერთი საკითხი / _cა. ლაჭყებიანი. |
||
| 264 |
_aთბილისი : _bსაქმედგამი, _c1957. |
||
| 300 |
_a59 გვ. ; _b22 სმ. |
||
| 440 |
_aექიმის ბიბლიოთეკა _916309 |
||
| 504 | _aბიბლიოგრ.: გვ. 57-58. | ||
| 653 | _aკანის რეფლექსები. | ||
| 942 |
_2udc _cBK |
||